[Event "SVK-ch U12"]
[Site "Tatralandia"]
[Date "2024.04.12"]
[Round "9"]
[White "Gala, David"]
[Black "Chupac, Matej"]
[Result "1-0"]
[WhiteElo "1000"]
[BlackElo "1000"]
[PlyCount "79"]
[EventDate "2024.04.05"]
[EventType "swiss"]
[EventRounds "9"]
[EventCountry "SVK"]
[SourceTitle "CB16_2024"]
[SourceDate "2024.04.17"]
[SourceVersion "1"]
[SourceVersionDate "2024.04.17"]
[SourceQuality "1"]

1. e4 e5 2. Nf3 Nc6 3. Nc3 Nf6 4. Bb5 h6 5. 0-0 a6 6. Ba4 Bb4 7. a3 Bxc3 8. bxc3 b5 9. Bb3 Nxe4 10. Qe1 Nf6 11. d4 0-0 12. dxe5 Nh5 13. Bd5 Rb8 14. a4 Qe7 15. Ba3 d6 16. Bxc6 Bb7 17. Bxb7 Rxb7 18. exd6 Qxe1 19. Raxe1 cxd6 20. Bxd6 Rd8 21. Rd1 Rbd7 22. Rd4 Rxd6 23. Rfd1 Rxd4 24. cxd4 Nf4 25. g3 Ne2+ 26. Kf1 Nc3 27. Rd3 Nxa4 28. Ra3 Rc8 29. Ne1 Rd8 30. Nf3 Rc8 31. Ne1 Rd8 32. c3 g6 33. Nd3 Kg7 34. Nc5 a5 35. Nxa4 bxa4 36. Rxa4 Ra8 37. c4 Rc8 38. c5 h5 39. Rxa5 Kh6 40. d5 1-0

[Event "SVK-ch U12"]
[Site "Tatralandia"]
[Date "2024.04.07"]
[Round "3"]
[White "Gala, David"]
[Black "Novozhilov, Dmitrii"]
[Result "0-1"]
[WhiteElo "1000"]
[BlackElo "1457"]
[PlyCount "56"]
[EventDate "2024.04.05"]
[EventType "swiss"]
[EventRounds "9"]
[EventCountry "SVK"]
[SourceTitle "CB16_2024"]
[SourceDate "2024.04.17"]
[SourceVersion "1"]
[SourceVersionDate "2024.04.17"]
[SourceQuality "1"]

1. e4 e5 2. Nf3 Nc6 3. Nc3 Nf6 4. d3 Bc5 5. Bg5 0-0 6. Qd2 d6 7. 0-0-0 h6 8. Be3 Bg4 9. h3 Bh5 10. g4 Bg6 11. Bxc5 dxc5 12. Rg1 Nh7 13. h4 Qf6 14. Be2 h5 15. g5 Qe6 16. Bf1 Rad8 17. Rh1 c4 18. Qe2 cxd3 19. cxd3 Rd7 20. Bh3 Qe7 21. Bxd7 Qxd7 22. b3 Rd8 23. Rd2 Nf8 24. Rhd1 Ne6 25. Nh2 Nf4 26. Qf3 Qd4 27. Ne2 Qa1+ 28. Kc2 Nb4# 0-1

[Event "SVK-ch U12"]
[Site "Tatralandia"]
[Date "2024.04.07"]
[Round "4"]
[White "Sotnik, Simon"]
[Black "Gala, David"]
[Result "1-0"]
[WhiteElo "1442"]
[BlackElo "1000"]
[PlyCount "67"]
[EventDate "2024.04.05"]
[EventType "swiss"]
[EventRounds "9"]
[EventCountry "SVK"]
[SourceTitle "CB16_2024"]
[SourceDate "2024.04.17"]
[SourceVersion "1"]
[SourceVersionDate "2024.04.17"]
[SourceQuality "1"]

1. d4 d5 2. c4 Nf6 3. Nc3 c6 4. Bg5 h6 5. Bh4 e6 6. e4 Bb4 7. e5 Ne4 8. Bxd8 Kxd8 9. Nge2 Nxc3 10. Nxc3 f6 11. a3 fxe5 12. axb4 exd4 13. Qxd4 Na6 14. Qxg7 Re8 15. cxd5 exd5+ 16. Be2 Nxb4 17. 0-0 h5 18. Qf6+ Kd7 19. Rad1 Re6 20. Qf5 Kd6 21. Ne4+ Ke7 22. Qh7+ Kd8 23. Bc4 Rxe4 24. Qxe4 Bg4 25. f3 Bd7 26. Qh4+ Kc8 27. Bd3 Nxd3 28. Rxd3 a5 29. f4 b5 30. f5 b4 31. f6 Be8 32. f7 Bxf7 33. Rxf7 a4 34. Rg3 1-0